諜戰上海灘

資料類型: Book 圖書   書目號:51250

Leader xxxxxxxxxx
001 __ 102477/2/01
005 __ 20170720133038.257
010 0_ |a9787219079119|b平裝|d新臺幣156元
042 __ |anbic
100 __ |a20170720d2012    km y0chiy50      e
101 1_ |achi
102 __ |acn
105 __ |ay   z   000ay
200 1_ |a諜戰上海灘|e|f張勇著
205 __ |a初版
210 __ |a廣西省南寧市|c廣西人民出版社|d2012
215 0_ |a332面|c|d21公分
225 __ |a|v
300 __ |a電視劇偽裝者原著小說
300 __ |a簡體字
606 __ |2cst|a文學小說
700 _1 |a|b|4681 __ |a857.75|b876
702 __ |a|b|4
801 _0 |atw|bLibDipper|c20170720|gCCR
  
詳細館藏(共 1 筆)
索 書 號登 錄 號冊次號館別 / 館藏地流通類型狀態加入預約清單電子資源
857.75 / 876 1024772  圖書館 / 一樓普通區 可外借30天 在館   

| 條列資料




目錄查詢 分類查詢 個人資料 圖書薦購 新書查詢 閉館日 排行榜 更多電子資源 Hami書城 線上資料庫 登出

From : 216.73.217.87

  本日流通累計至 00:29:19 借閱 : 0 次 續借 : 0 次 歸還 : 0 次 預約 : 0 次 電子資源 : 0 次


內湖高中圖書館  PCLIS 版本  26.5.0.12